| 000 | 00453cam a2200193ua 4500 | ||
|---|---|---|---|
| 001 | 10205 | ||
| 005 | 20260515114603.0 | ||
| 008 | 171011n ii |||gr||||Z||||||asm | ||
| 040 | _cMAIN | ||
| 041 | _aasm | ||
| 082 | _a338.5 | ||
| 100 |
_aAhmed, Rofique, _eAuthor. |
||
| 245 |
_aMicro economics -I (A) _cBy Rofique Ahmed |
||
| 250 | _a1st ed. | ||
| 260 |
_aJorhat: _bUnika prakashan, _c2011. |
||
| 300 | _a340p. | ||
| 653 | _aProduction | ||
| 942 | _cBK | ||
| 999 |
_c9193 _d9193 |
||